000 01687cam a22004217a 4500
003 CHAP
005 20220329141109.0
008 971013s1996 r 00010 d
010 _a62522
011 _a63494
035 _a67670
040 _cCHAP
090 _aTesis
100 0 0 _aRuiz Gutiérrez, José Luis.
_9100694
245 1 3 _aEl papel del Estado en la sociedad rural queretana
_b: (impacto del gasto público de promoción económica sobre la estructura de la producción agropecuaria y la configuración social en Querétaro entre 1970 y 1985)
260 _aChapingo, Méx. :
_bEl autor,
_c1996
300 _a117 h.
_b; cuadrs.
502 _aTesis (M. C. en Sociología Rural) -- UACH. Departamento de Sociología Rural
590 _aALEPH
_b10
_c20130110
_lUCH01
_h1345
590 _aBATCH-UPD
_b10
_c20130109
_lUCH01
_h2331
590 _aBATCH-UPD
_b10
_c20130110
_lUCH01
_h0439
590 _aBATCH-UPD
_b10
_c20130409
_lUCH01
_h1856
590 _aBATCH-UPD
_b10
_c20130410
_lUCH01
_h0115
590 _aBATCH-UPD
_b10
_c20130410
_lUCH01
_h1529
590 _aBATCH-UPD
_b10
_c20130914
_lUCH01
_h0840
590 _aCONVERSION
_b10
_c20130109
_lUCH01
_h1334
650 1 4 _aAgricultura y Estado
_xQueretaro.
_92061
650 1 4 _aAgricultura
_xAspectos economicos
_xQueretaro.
_91288
650 1 4 _aCapital en agricultura.
_918710
650 1 4 _aFinanzas públicas
_xQuerétaro.
_940972
650 1 4 _aGasto público.
_947252
650 1 4 _aPolítica agrícola
_xQuerétaro.
_990354
650 1 4 _aQuerétaro
_xCondiciones rurales.
_993194
901 _aBK
942 _cFOLL
949 _bBC
_cTES
_d-153044
_eTS1
_h31184
_i67670
_si
949 _bBC
_cTES
_d33724000634721
_eTS2
_fc.2
_h31185
_i67670
_si
999 _c62522
_d62522